A-Z of quilting : inspirations books

Bibliographic Details
Other Authors: Gardner, Sue
Format: Book
Published: South Australia : Country Bumpkin Publications , 2005
Subjects:

MARC

LEADER 00000cam a2200000 7i4500
001 0000020249
005 20071002.0
020 |a 0975685414 
040 |a INS 
090 0 0 |a TT835   |b A9 2005 
245 0 0 |a A-Z of quilting :   |b inspirations books   |c edited Sue Gardner 
260 |a South Australia :   |b Country Bumpkin Publications ,   |c 2005 
300 |a 128 p. :   |b ill.col. ;   |c 23 cm. 
500 |a Includes index 
650 0 0 |a Quilting 
700 1 |a Gardner, Sue 
999 |a 0000019155   |b BOOK   |c Open Shelf   |e Default branch